Misión de la Universidad y otros ensayos afines

Shranjeno v:
Bibliografske podrobnosti
Glavni avtor: Ortega y Gasset, José (autor)
Format: Knjiga
Jezik:španščina
Izdano: Madrid Revista de Occidente 1960
Izdaja:3a. ed
Teme:
Oznake: Označite
Brez oznak, prvi označite!

MARC

LEADER 00000nam a2200000 a 4500
001 UCJ8306
003 CL-VaPUC
005 20221118175705.0
008 070124e19600000SP |||||||||||||||||spa|d
999 |c 324077  |d 324075 
040 |c Pontificia Universidad Católica de Valparaíso 
082 0 4 |a 378.01  |b ORT  |2 21 
100 |a Ortega y Gasset, José   |e autor  |9 878566 
245 1 0 |a Misión de la Universidad y otros ensayos afines 
250 |a 3a. ed 
260 |a Madrid  |b Revista de Occidente  |c 1960 
300 |a 172 p 
583 |a last modification  |c 20070124 00:00:00  |k Rodrigo Vera 
650 0 |a Educación superior   |9 223851 
650 0 |a Universidades  |9 256317 
650 7 |a RACIOVITALISMO  |2 CL-VaPUC  |9 465968 
942 |c BK  |2 ddc 
945 |d 20070124 00:00:00  |a rinostro 
952 |0 0  |1 0  |4 0  |6 378_010000000000000_ORT_1960  |7 0  |8 X  |9 403983  |a FDOBUD  |b FDOBUD  |d 2019-11-22  |i 1075756  |o 378.01 ORT 1960  |p 1075756  |r 2019-11-22  |w 2019-11-22  |y BK_X  |k BUD